[Event "Gibtelecom Masters"]
[Site "Gibraltar ENG"]
[Date "2006.01.30"]
[Round "7"]
[White "Almer,J"]
[Black "Matto,M"]
[Result "1-0"]
[WhiteElo "1848"]
[BlackElo "1954"]
[EventDate "2006.01.24"]

1. e4 e6 2. d4 Be7 3. Nf3 b6 4. Nc3 c6 5. Bd3 h6 6. O-O Nf6 7. a4 Na6 8. e5
Nh7 9. Bxh7 Rxh7 10. Ne4 d5 11. exd6 Bxd6 12. Nxd6+ Qxd6 13. Ne5 Bb7 14.
Qd3 g6 15. Be3 O-O-O 16. a5 Nb4 17. Qb3 b5 18. c4 bxc4 19. Nxc4 Qe7 20.
Rfc1 Nd5 21. Ne5 Rd6 22. Qa4 Qe8 23. b4 f6 24. Nc4 Rd8 25. Qa3 Kb8 26. a6
Bc8 27. Na5 Rd6 28. Nc4 Rd8 29. Qa4 Rc7 30. Rab1 Ka8 31. Qa5 Rdd7 32. b5
cxb5 33. Qxb5 Bxa6 34. Qxa6 Qc8 35. Qxc8+ Rxc8 36. Kf1 Rdc7 37. Nb6+ axb6
38. Rxc7 Rxc7 39. Bxh6 g5 40. Bf8 Rc4 41. Rd1 Kb7 42. Ke1 Kc6 43. h3 b5 44.
g3 b4 45. h4 gxh4 46. gxh4 Nf4 47. Be7 Ng2+ 48. Ke2 Nxh4 49. Bxf6 Nf5 50.
Kd3 Kd5 51. Re1 Rc3+ 52. Kd2 Rc6 53. Kd3 b3 54. Re5+ Kd6 55. Rb5 Rc2 56. f4
Rh2 57. Kc3 Ng3 58. Kxb3 Ne2 59. Be5+ Kc6 60. Rc5+ Kb6 61. Rc2 Rh3+ 62. Kc4
Ng1 63. Rg2 Nf3 64. Rg6 Nd2+ 65. Kb4 Rb3+ 66. Ka4 Rb1 67. Rxe6+ Kb7 68. d5
Nc4 69. Re7+ Ka6 70. Bd4 Nb6+ 71. Bxb6 Kxb6 72. f5 Kc5 73. Rd7 Kc4 74. Ka5
Rf1 75. Kb6 Rxf5 76. Kc6 Rg5 77. Rd8 Rg6+ 78. d6 Kd4 79. Re8 Rh6 80. Kc7
Rh5 81. d7 Rc5+ 82. Kb6 1-0

[Event "Gibtelecom Masters"]
[Site "Gibraltar ENG"]
[Date "2006.01.30"]
[Round "7"]
[White "Guski,D"]
[Black "Jacobsen,M"]
[Result "1-0"]
[WhiteElo "2106"]
[BlackElo "1879"]
[EventDate "2006.01.24"]

1. e4 e5 2. Nf3 Nc6 3. d4 exd4 4. Bc4 Nf6 5. e5 d5 6. Bb5 Ne4 7. Nxd4 Bd7
8. Bxc6 bxc6 9. O-O Be7 10. f3 Ng5 11. f4 Ne4 12. f5 c5 13. Nb3 Bc6 14. Nc3
Nxc3 15. bxc3 Qd7 16. e6 fxe6 17. Qh5+ Kd8 18. fxe6 Qxe6 19. Bg5 Kc8 20.
Rae1 Qd7 21. Rxe7 Qd6 22. Rff7 1-0

[Event "Gibtelecom Masters"]
[Site "Gibraltar ENG"]
[Date "2006.01.31"]
[Round "8"]
[White "Volkov,S1"]
[Black "Arizmendi Martinez,J"]
[Result "1-0"]
[WhiteElo "2629"]
[BlackElo "2534"]
[EventDate "2006.01.24"]

1. d4 Nf6 2. c4 c5 3. d5 e5 4. Nc3 d6 5. e4 Be7 6. g3 O-O 7. Bg2 Ne8 8.
Nge2 Nd7 9. Be3 a6 10. Qd2 Rb8 11. a4 Nc7 12. a5 b5 13. axb6 Rxb6 14. Nc1
f5 15. exf5 e4 16. Bxe4 Ne5 17. Qe2 Rb4 18. Nd3 Nxd3+ 19. Qxd3 Rxb2 20. O-O
Ne8 21. Rfb1 Rxb1+ 22. Rxb1 Nf6 23. Bf3 Ne8 24. g4 Bf6 25. Ne4 Be5 26. Be2
g6 27. f4 gxf5 28. fxe5 1-0

[Event "Gibtelecom Masters"]
[Site "Gibraltar ENG"]
[Date "2006.01.31"]
[Round "8"]
[White "Speck,N"]
[Black "Sutovsky,E"]
[Result "0-1"]
[WhiteElo "2371"]
[BlackElo "2624"]
[EventDate "2006.01.24"]

1. e4 c5 2. Nf3 d6 3. c3 Nf6 4. Be2 Nbd7 5. Qc2 Qc7 6. O-O g6 7. d3 Bg7 8.
a4 O-O 9. Na3 b6 10. Re1 Bb7 11. Bf4 h6 12. h3 e5 13. Bh2 Nh5 14. Qb3 Kh7
15. a5 Rae8 16. Nb5 Qb8 17. axb6 axb6 18. Ra7 Bc6 19. Rea1 Nf4 20. Bf1 d5
21. Bxf4 dxe4 22. Ng5+ hxg5 23. Bxg5 exd3 24. Bxd3 e4 25. Be2 e3 26. Bf3
Bxf3 27. Rxd7 Bc6 28. Rc7 Bxb5 29. Bf4 exf2+ 30. Kxf2 Re4 0-1

[Event "Gibtelecom Masters"]
[Site "Gibraltar ENG"]
[Date "2006.01.31"]
[Round "8"]
[White "Al Modiahki,M"]
[Black "Kunte,A"]
[Result "1-0"]
[WhiteElo "2579"]
[BlackElo "2551"]
[EventDate "2006.01.24"]

1. e4 e5 2. Nf3 Nc6 3. Bb5 a6 4. Ba4 Nf6 5. O-O Be7 6. Re1 b5 7. Bb3 d6 8.
c3 O-O 9. h3 Na5 10. Bc2 c5 11. d4 Qc7 12. Nbd2 cxd4 13. cxd4 Rd8 14. b3
Nc6 15. Bb2 Bb7 16. Rc1 Qb6 17. d5 Nb4 18. Bb1 a5 19. Qe2 Na6 20. a4 bxa4
21. Nc4 Qxb3 22. Ba3 Qb5 23. Nfxe5 Nb4 24. Nxf7 Rd7 25. Ng5 Rc8 26. Ne6 Ba6
27. Nd4 Qc5 28. Nc6 Rxc6 29. dxc6 Rc7 30. e5 dxe5 31. Qxe5 Qxe5 32. Nxe5
Bb5 33. Bf5 g6 34. Be6+ Kg7 35. Bb2 a3 36. Ba1 a2 37. Bb3 a4 38. Bc4 Bxc4
39. Rxc4 Kf8 40. Rd1 a3 41. g3 Nfd5 42. Kg2 Bd6 43. Rxb4 1-0

[Event "Gibtelecom Masters"]
[Site "Gibraltar ENG"]
[Date "2006.01.31"]
[Round "8"]
[White "Pelletier,Y"]
[Black "Bakker,S"]
[Result "1-0"]
[WhiteElo "2579"]
[BlackElo "2308"]
[EventDate "2006.01.24"]

1. c4 Nf6 2. Nc3 e6 3. e4 d5 4. e5 d4 5. exf6 dxc3 6. bxc3 Qxf6 7. Nf3 c5
8. Bd3 Bd7 9. O-O Bd6 10. Qc2 Bc6 11. Be4 Bxe4 12. Qxe4 Nc6 13. d4 O-O 14.
Rd1 cxd4 15. cxd4 Rac8 16. Rb1 b6 17. Rb5 Qg6 18. Qe2 Rfd8 19. Rg5 Qh6 20.
h3 Be7 21. Rg4 Qh5 22. Bb2 Bf8 23. Rg5 Qh6 24. d5 Na5 25. Rg4 f5 26. Bc1
fxg4 27. Bxh6 gxf3 28. Qxe6+ Kh8 29. Bg5 Re8 30. Qf5 Nxc4 31. Qxf3 Bc5 32.
Bf4 Rf8 33. Qg3 Rcd8 34. d6 Nxd6 35. Bxd6 Rf6 36. Bxc5 Rxd1+ 37. Kh2 h6 38.
Qg4 Rd5 39. Bd4 Rf7 40. Qe6 Rdd7 41. Qxh6+ 1-0

[Event "Gibtelecom Masters"]
[Site "Gibraltar ENG"]
[Date "2006.01.31"]
[Round "8"]
[White "McNab,C"]
[Black "Swathi,G"]
[Result "1-0"]
[WhiteElo "2456"]
[BlackElo "2244"]
[EventDate "2006.01.24"]

1. c4 c5 2. Nf3 Nc6 3. g3 g6 4. Bg2 Bg7 5. Nc3 e5 6. d3 d6 7. a3 a5 8. Bg5
f6 9. Bd2 Nge7 10. Rb1 Be6 11. O-O O-O 12. Ne1 Rb8 13. Nc2 d5 14. b3 Kh8
15. Qc1 Qd7 16. cxd5 Nxd5 17. Nxd5 Bxd5 18. Bxd5 Qxd5 19. Ne3 Qe6 20. Qc4
Qh3 21. f3 Nd4 22. Rf2 b6 23. Nf1 Rbc8 24. e3 Nc6 25. Qb5 Qd7 26. Qxb6 a4
27. Qa6 Rb8 28. Qxa4 Qxd3 29. Rc1 Ne7 30. Rc3 Qd6 31. Qc4 f5 32. Qxc5 Qxc5
33. Rxc5 Rxb3 34. Bb4 Rd8 35. Rc7 Nd5 36. Rd2 Bf6 37. Rc5 Nxb4 38. Rxd8+
Bxd8 39. axb4 Bb6 40. Rxe5 Rxb4 41. Nd2 Ra4 42. Kf2 Ra2 43. Ke2 Ba5 44. Rd5
Kg7 45. e4 fxe4 46. fxe4 h5 47. Ke3 Bb6+ 48. Kf4 Bg1 49. h4 Ra7 50. e5 Bf2
51. Ne4 Rf7+ 52. Nf6 Rxf6+ 53. exf6+ Kxf6 54. Rd6+ Kg7 55. Re6 Kf7 56. Re2
Bc5 57. Kg5 Bd6 58. Re3 Bc7 59. Kh6 1-0

[Event "Gibtelecom Masters"]
[Site "Gibraltar ENG"]
[Date "2006.01.31"]
[Round "8"]
[White "Shaw,J"]
[Black "Ashton,A"]
[Result "1/2-1/2"]
[WhiteElo "2432"]
[BlackElo "2321"]
[EventDate "2006.01.24"]

1. e4 e5 2. Nf3 Nc6 3. Bb5 a6 4. Bxc6 dxc6 5. O-O f6 6. d4 Bg4 7. c3 Bd6 8.
Be3 Ne7 9. dxe5 fxe5 10. c4 c5 11. b4 b6 12. bxc5 bxc5 13. Nbd2 O-O 14. h3
Bh5 15. Qa4 Qc8 16. Kh2 Ng6 17. g4 Bxg4 18. hxg4 Qxg4 19. Qd1 Rf5 20. Ng5
Rxg5 21. Qxg4 Rxg4 22. f3 Rh4+ 23. Kg3 Be7 24. Rab1 Nf4 25. Bxf4 exf4+ 26.
Kg2 Rd8 27. Rfd1 Rh6 28. Nb3 Rhd6 29. Rd5 c6 30. Re5 Rg6+ 31. Kf1 Bf6 32.
Rf5 Bd4 33. Nxd4 cxd4 34. Rxf4 d3 35. Rd1 Rh6 36. Rd2 Rh5 37. Kf2 Rc5 38.
Ke3 Rxc4 39. Rxd3 Rxd3+ 40. Kxd3 Ra4 41. Rf5 Rxa2 42. Rc5 Ra3+ 43. Ke2 Kf7
44. Rxc6 g5 45. Rc7+ Kg6 46. Rc6+ Kf7 47. Rc7+ Kg6 48. Rc6+ Kf7 49. Rc7+
1/2-1/2

[Event "Gibtelecom Masters"]
[Site "Gibraltar ENG"]
[Date "2006.01.31"]
[Round "8"]
[White "Welling,G"]
[Black "Vea,O"]
[Result "1-0"]
[WhiteElo "2405"]
[BlackElo "2099"]
[EventDate "2006.01.24"]

1. e4 c5 2. d3 Nc6 3. g3 g6 4. Bg2 Bg7 5. f4 d6 6. Nf3 Nf6 7. O-O O-O 8.
Nc3 Rb8 9. h3 b6 10. g4 e6 11. Bd2 d5 12. e5 Ne8 13. Qe1 f6 14. Qg3 Rb7 15.
exf6 Nxf6 16. Rae1 Rbf7 17. a3 Qc7 18. Ng5 Re7 19. Qh4 h6 20. Nf3 Nh7 21.
Re2 Ref7 22. Qe1 Nd4 23. Nxd4 cxd4 24. Nb5 Qc5 25. a4 a5 26. b4 Qxc2 27.
bxa5 Qxa4 28. Nd6 bxa5 29. Nxf7 Rxf7 30. Bxd5 exd5 31. Re8+ 1-0

[Event "Gibtelecom Masters"]
[Site "Gibraltar ENG"]
[Date "2006.01.31"]
[Round "8"]
[White "Lagowski,P"]
[Black "Agdestein,Em"]
[Result "1-0"]
[WhiteElo "2393"]
[BlackElo "2053"]
[EventDate "2006.01.24"]

1. d4 g6 2. c4 Bg7 3. Nf3 d6 4. g3 Nd7 5. Bg2 e5 6. Nc3 Ne7 7. O-O O-O 8.
e4 exd4 9. Nxd4 Nc6 10. Nc2 Nc5 11. Qd2 Re8 12. f3 f5 13. b4 Nd7 14. exf5
gxf5 15. Bb2 Nde5 16. f4 Ng4 17. Rae1 Bd7 18. b5 Na5 19. h3 Nf6 20. Nd5 Ne4
21. Rxe4 fxe4 22. Bxg7 Kxg7 23. Qxa5 1-0

[Event "Gibtelecom Masters"]
[Site "Gibraltar ENG"]
[Date "2006.01.31"]
[Round "8"]
[White "Klinova,M"]
[Black "Spence,D"]
[Result "1-0"]
[WhiteElo "2353"]
[BlackElo "2221"]
[EventDate "2006.01.24"]

1. e4 b6 2. d4 Bb7 3. Nc3 e6 4. Nf3 Nf6 5. Bd3 Be7 6. O-O c5 7. e5 Nd5 8.
Ne4 Nb4 9. dxc5 Nxd3 10. Qxd3 bxc5 11. c4 f5 12. exf6 gxf6 13. Bf4 Bxe4 14.
Qxe4 Nc6 15. Rfd1 Qb6 16. Rab1 O-O-O 17. a3 a5 18. b4 axb4 19. axb4 cxb4
20. Ra1 Bc5 21. Bg3 Kb7 22. Nd2 Bd4 23. Rab1 f5 24. Qf3 Ra8 25. c5 Bxc5 26.
Nc4 Qd8 27. Nd6+ Bxd6 28. Rxd6 Ra6 29. Rxb4+ Ka8 30. Rb1 Qc8 31. h3 h5 32.
Qd1 Rh7 33. Ra1 e5 34. Bxe5 Re7 35. Bg3 Qb7 36. Rxa6+ Qxa6 37. Rxd7 Re4 38.
Qxh5 Re1+ 39. Kh2 Qa1 40. Bf4 Rh1+ 41. Kg3 Qc3+ 42. Qf3 1-0

[Event "Gibtelecom Masters"]
[Site "Gibraltar ENG"]
[Date "2006.01.31"]
[Round "8"]
[White "Nadig,K"]
[Black "Vinas Guerrero,C"]
[Result "1-0"]
[WhiteElo "2237"]
[BlackElo "2160"]
[EventDate "2006.01.24"]

1. e4 c5 2. Nf3 d6 3. d4 cxd4 4. Nxd4 Nf6 5. Nc3 a6 6. Bg5 e6 7. f4 Qb6 8.
Qd2 Qxb2 9. Rb1 Qa3 10. f5 Nc6 11. fxe6 fxe6 12. Nxc6 bxc6 13. Rb3 Qa5 14.
Be2 Be7 15. Bh5+ g6 16. Be2 O-O 17. h4 Qe5 18. O-O d5 19. exd5 exd5 20. Bf4
Bc5+ 21. Kh1 Qd4 22. Qe1 Ng4 23. Bxg4 Rxf4 24. Rxf4 Qxf4 25. Bxc8 Rxc8 26.
Nxd5 Qf7 27. Ne3 Re8 28. Qg3 Qe7 29. Ng4 Bd6 30. Nh6+ Kh8 31. Qxd6 Qxh4+
32. Rh3 Qe1+ 33. Kh2 Qe4 34. Qf6+ 1-0

[Event "Gibtelecom Masters"]
[Site "Gibraltar ENG"]
[Date "2006.01.31"]
[Round "8"]
[White "Van den Bersselaar,J"]
[Black "Coimbra,M"]
[Result "1-0"]
[WhiteElo "2222"]
[BlackElo "2083"]
[EventDate "2006.01.24"]

1. d4 d5 2. c4 c6 3. Nf3 Nf6 4. Nc3 e6 5. Bg5 h6 6. Bh4 dxc4 7. e4 g5 8.
Bg3 b5 9. Be2 Bb7 10. h4 g4 11. Ne5 h5 12. f3 Nbd7 13. fxg4 Nxe5 14. Bxe5
hxg4 15. O-O Be7 16. Qd2 Rxh4 17. Qf4 Rh7 18. Bxf6 Bxf6 19. Qxf6 Qxf6 20.
Rxf6 O-O-O 21. Bxg4 Rxd4 22. Rd1 Rxd1+ 23. Bxd1 a6 24. e5 c5 25. Bf3 Bxf3
26. gxf3 Kc7 27. Ne4 Kc6 28. Ng5 Rg7 29. f4 Kd5 30. Kf2 b4 31. Ke3 a5 32.
Kd2 a4 33. a3 c3+ 34. bxc3 bxa3 35. Kc2 Rg8 36. Rxf7 Rb8 37. Ra7 Rb2+ 38.
Kd3 c4+ 39. Ke3 Rc2 40. Ra5+ Kc6 41. Kd4 a2 42. Rxa4 Kb5 43. Ra8 Rd2+ 44.
Ke3 Rd3+ 45. Ke4 1-0

[Event "Gibtelecom Masters"]
[Site "Gibraltar ENG"]
[Date "2006.01.31"]
[Round "8"]
[White "Mohamed,MA"]
[Black "Sisask,J"]
[Result "0-1"]
[WhiteElo "2107"]
[BlackElo "2196"]
[EventDate "2006.01.24"]

1. e4 c5 2. Nf3 d6 3. d4 cxd4 4. Nxd4 Nf6 5. Nc3 Nc6 6. Be2 e5 7. Nb3 Be7
8. O-O O-O 9. f4 exf4 10. Bxf4 a6 11. a4 Be6 12. Kh1 Ne5 13. Nd4 Rc8 14.
Nxe6 fxe6 15. Bxe5 dxe5 16. Bd3 Bc5 17. Qe2 h5 18. Bc4 Qe7 19. h3 h4 20.
Rf3 g6 21. g4 Nh7 22. Rxf8+ Rxf8 23. Rf1 Ng5 24. Kg2 Rf4 25. Bd3 Bd4 26.
Qe1 Qf6 27. Rxf4 Qxf4 28. Qxh4 Qf3+ 29. Kh2 Bf2 30. Be2 Qf4+ 0-1

[Event "Gibtelecom Masters"]
[Site "Gibraltar ENG"]
[Date "2006.01.31"]
[Round "8"]
[White "Dunn,An1"]
[Black "Stock,T"]
[Result "1-0"]
[WhiteElo "2188"]
[BlackElo "2083"]
[EventDate "2006.01.24"]

1. d4 Nf6 2. Nf3 g6 3. Bg5 Bg7 4. Nbd2 d6 5. c3 O-O 6. e4 c5 7. dxc5 dxc5
8. Bc4 Nc6 9. Qc2 Qc7 10. O-O Na5 11. Be2 a6 12. Rfe1 b5 13. c4 b4 14. h3
h6 15. Be3 Nh5 16. e5 f5 17. exf6 Rxf6 18. Ne4 Re6 19. Nfd2 Nf4 20. Bg4 Rc6
21. Bf3 Bf5 22. Bxf4 Qxf4 23. Qa4 Bxb2 24. Rad1 Qc7 25. Ng3 Bd3 26. Nb3
Bxc4 27. Nxa5 Bb5 28. Qc2 Bc3 29. Nxc6 Bxe1 30. Qxg6+ Kf8 31. Qxh6+ 1-0

[Event "Gibtelecom Masters"]
[Site "Gibraltar ENG"]
[Date "2006.01.31"]
[Round "8"]
[White "El Amari,K"]
[Black "Obers,F"]
[Result "1-0"]
[WhiteElo "2137"]
[BlackElo "2080"]
[EventDate "2006.01.24"]

1. b3 Nf6 2. Bb2 e6 3. e3 b6 4. Nf3 Bb7 5. Be2 c5 6. c4 Be7 7. O-O O-O 8.
d4 cxd4 9. Nxd4 d6 10. Nc3 Nbd7 11. Bf3 Bxf3 12. Qxf3 Ne5 13. Qe2 Rc8 14.
e4 Qc7 15. Rfd1 a6 16. Rac1 Qb7 17. Rc2 Rfd8 18. Rcd2 Rd7 19. f4 Nc6 20.
Nxc6 Qxc6 21. Ba3 Rcc7 22. e5 dxe5 23. Bxe7 Rxd2 24. Rxd2 Rxe7 25. fxe5
Qc5+ 26. Kf1 Ne8 27. Rd8 h6 28. Qe4 b5 29. Ra8 bxc4 30. bxc4 Qb6 31. Qd3
Qb7 32. Rd8 Qb2 33. g3 Qc1+ 34. Kg2 Qb2+ 35. Kh3 Qf2 36. Qe2 Qxe2 37. Nxe2
Kf8 38. Nc3 Rc7 39. Ne4 Ke7 40. Ra8 Rxc4 41. Rxe8+ Kd7 42. Nd6 Rc5 43. Ra8
Rxe5 44. Rxa6 f5 45. a4 g5 46. Kg2 Re2+ 47. Kg1 h5 48. Nf7 g4 49. Ra5 Ra2
50. Ra7+ Kc6 51. Ra6+ Kd5 52. Rd6+ 1-0

[Event "Gibtelecom Masters"]
[Site "Gibraltar ENG"]
[Date "2006.01.31"]
[Round "8"]
[White "Pannekoek,W"]
[Black "Flores Chico,J"]
[Result "0-1"]
[WhiteElo "2083"]
[BlackElo "2136"]
[EventDate "2006.01.24"]

1. e4 e6 2. d4 d5 3. Nc3 Nf6 4. Bg5 Bb4 5. e5 h6 6. Bd2 Bxc3 7. bxc3 Ne4 8.
Qg4 g6 9. Bd3 Nxd2 10. Kxd2 c5 11. Nf3 Nc6 12. h4 Qc7 13. Rhb1 Bd7 14. Rb2
c4 15. Bf1 O-O-O 16. g3 f6 17. Qf4 Rdf8 18. Qe3 f5 19. Ng1 Be8 20. Nh3 Qe7
21. f4 Nd8 22. a4 Bc6 23. a5 Qc7 24. Ke1 Rfg8 25. Kf2 Nf7 26. Be2 Rg7 27.
g4 Qe7 28. Kg3 fxg4 29. Bxg4 h5 30. Be2 Nh6 31. Qf2 Nf5+ 32. Kh2 Nxh4 33.
Ng5 Nf5 34. Rab1 Nh6 35. Kg3 Rf8 36. Qg1 Nf7 37. Kh3 Nxg5+ 38. fxg5 Rf5 39.
Bxc4 Rxg5 40. Qe3 Rg4 0-1

[Event "Gibtelecom Masters"]
[Site "Gibraltar ENG"]
[Date "2006.01.31"]
[Round "8"]
[White "Goodger,M"]
[Black "Sbia,B"]
[Result "1/2-1/2"]
[WhiteElo "2135"]
[BlackElo "1989"]
[EventDate "2006.01.24"]

1. e4 e5 2. Nf3 Nc6 3. d4 exd4 4. Nxd4 Bc5 5. Be3 Nxd4 6. Bxd4 Bxd4 7. Qxd4
Qf6 8. e5 Qb6 9. Qxb6 axb6 10. Nc3 Ne7 11. Nb5 Kd8 12. f4 f6 13. exf6 gxf6
14. Bc4 d5 15. Bd3 Bd7 16. O-O Bxb5 17. Bxb5 Nf5 18. Rfd1 c6 19. Be2 Kc7
20. Kf2 Ra4 21. g3 h5 22. b3 Ra3 23. Bd3 Nd6 24. Re1 Kd7 25. Ke3 f5 26. Kd4
h4 27. Ke5 hxg3 28. hxg3 Rf8 29. Rh1 Rf7 30. Rh5 Ra8 31. a4 Re8+ 32. Kd4
Rg8 33. Rg1 Ke6 34. Re1+ Ne4 35. Bxe4 c5+ 36. Ke3 dxe4 37. Rh6+ Rf6 38.
Rxf6+ Kxf6 39. Kf2 Rh8 40. Kg2 Rd8 41. Re2 Kg6 42. Kh3 Kh5 43. g4+ fxg4+
44. Kg3 Re8 45. Rh2+ Kg6 46. Kxg4 Kf6 47. Rh6+ Kg7 48. Rh2 Kf6 49. Rh6+ Kf7
50. f5 e3 51. Rh1 Kf6 52. Kf4 e2 53. Re1 Re5 54. Kf3 Rxf5+ 55. Kxe2 Ke5 56.
Kd3+ Kd6 57. Re4 Rf6 58. Kc4 Kc6 59. Rh4 Rd6 60. c3 Rf6 61. b4 Rg6 62. Rf4
Rh6 63. Rg4 Rf6 64. Rh4 Rg6 65. Rf4 1/2-1/2

[Event "Gibtelecom Masters"]
[Site "Gibraltar ENG"]
[Date "2006.01.31"]
[Round "8"]
[White "Dunn,Al"]
[Black "Fellousi,A"]
[Result "1-0"]
[WhiteElo "2076"]
[BlackElo "2132"]
[EventDate "2006.01.24"]

1. e4 c5 2. Nf3 d6 3. d4 cxd4 4. Nxd4 Nf6 5. Nc3 e6 6. Be3 a6 7. g4 Nc6 8.
g5 Nd7 9. f4 Qc7 10. h4 Na5 11. h5 Nb6 12. Qf3 Nbc4 13. Bc1 b5 14. b3 Nb6
15. Bb2 b4 16. Nce2 Bb7 17. O-O-O O-O-O 18. Bh3 Kb8 19. Bxe6 fxe6 20. Nxe6
Qe7 21. Nxd8 Qxd8 22. Qe3 Rg8 23. Rhe1 Nc8 24. Ng3 Nc6 25. Kb1 Qe8 26. e5
dxe5 27. fxe5 Qe6 28. Qd3 Be7 29. Qxh7 Bxg5 30. Ne4 Be7 31. Nd6 Nd8 32.
Nxb7 Nxb7 33. Rg1 Bf8 34. Rg6 Qf7 35. Rf6 Rh8 36. Rxf7 1-0

[Event "Gibtelecom Masters"]
[Site "Gibraltar ENG"]
[Date "2006.01.31"]
[Round "8"]
[White "Hamer,M"]
[Black "Nimmy,A"]
[Result "0-1"]
[WhiteElo "2000"]
[BlackElo "2123"]
[EventDate "2006.01.24"]

1. f4 d5 2. b3 c5 3. e3 Nc6 4. Bb5 Bd7 5. Nf3 Nf6 6. Bb2 e6 7. O-O Bd6 8.
Bxc6 Bxc6 9. Ne5 Bb5 10. d3 Qc7 11. Nd2 O-O-O 12. c4 Ba6 13. b4 cxb4 14.
cxd5 Kb8 15. dxe6 fxe6 16. Rc1 Qe7 17. Ndc4 Bc5 18. Qb3 Ka8 19. d4 Bd6 20.
Rfd1 Bxc4 21. Nxc4 Rc8 22. a3 bxa3 23. Bxa3 Bxa3 24. Nxa3 Qd7 25. Nc4 Kb8
26. Ra1 Qd5 27. Rdc1 Rc6 28. Qa4 a6 29. Na5 Rxc1+ 30. Rxc1 Rc8 31. Rb1 b5
32. Qb4 Nd7 33. Qb2 Qe4 34. Qb4 Qxe3+ 35. Kf1 Qxf4+ 36. Kg1 Qe3+ 37. Kf1
Rf8+ 0-1

[Event "Gibtelecom Masters"]
[Site "Gibraltar ENG"]
[Date "2006.01.31"]
[Round "8"]
[White "Cafolla,P"]
[Black "Guski,D"]
[Result "0-1"]
[WhiteElo "2080"]
[BlackElo "2106"]
[EventDate "2006.01.24"]

1. d4 Nf6 2. c4 e6 3. Nc3 c5 4. e3 d5 5. Nf3 Nc6 6. a3 a6 7. cxd5 exd5 8.
dxc5 Bxc5 9. b4 Ba7 10. Bb2 O-O 11. Ne2 Bg4 12. h3 Bh5 13. Nf4 Bxf3 14.
gxf3 d4 15. e4 Re8 16. Bd3 Qd6 17. Ne2 Ne5 18. Ng3 Rac8 19. Nf5 Qd7 20. Kf1
Kh8 21. Rc1 Nh5 22. Bb1 Nf4 23. Rxc8 Rxc8 24. Qd2 Qb5+ 25. Bd3 Qxd3+ 26.
Qxd3 Nexd3 0-1

[Event "Gibtelecom Masters"]
[Site "Gibraltar ENG"]
[Date "2006.01.31"]
[Round "8"]
[White "Carame Gonzalez,F"]
[Black "Gilbert,Je"]
[Result "0-1"]
[WhiteElo "1978"]
[BlackElo "2098"]
[EventDate "2006.01.24"]

1. e4 g6 2. d4 Bg7 3. c4 d6 4. f3 c6 5. Be3 a6 6. Qd2 b5 7. Nc3 Nd7 8. a4
bxc4 9. Bxc4 Rb8 10. Nge2 Qa5 11. O-O Ngf6 12. Rfb1 c5 13. Nd5 Qxd2 14.
Bxd2 Nxd5 15. Bxd5 cxd4 16. b4 Nb6 17. Bb3 Bd7 18. b5 axb5 19. a5 Nc8 20.
a6 Na7 21. Rc1 Bc6 22. Ba5 d3 23. Bc3 Bxc3 24. Nxc3 e6 25. Nd1 Rb6 26. Nb2
d2 27. Rd1 Ke7 28. Rxd2 Ra8 29. Nd3 b4 30. Kf2 Bd7 31. Nb2 Bb5 32. Bc4 Bxc4
33. Nxc4 Rc6 34. Nb2 Rac8 35. Ke2 Rb6 36. Ra4 Nb5 37. Kf2 Na7 38. Ke2 Rcc6
39. Kd1 f5 40. Rd4 fxe4 41. Rxe4 b3 42. Reb4 Rxb4 43. Rxb4 Rxa6 44. Rxb3
Kf6 45. Ke2 Nc6 46. Ke3 d5 47. f4 Ra1 48. Nd3 h5 49. h3 h4 50. Rb6 Na5 51.
Kf2 Nc4 52. Rb8 Nd6 53. Ne5 Ra2+ 54. Kf3 Ra3+ 55. Ke2 Rg3 56. Kf1 Nf5 57.
Rf8+ Ke7 58. Rf7+ Kd6 59. Rd7+ Kc5 60. Rc7+ Kd4 61. Nf3+ Ke4 62. Ng5+ Kxf4
63. Nxe6+ Ke5 64. Rc6 Ne3+ 0-1

[Event "Gibtelecom Masters"]
[Site "Gibraltar ENG"]
[Date "2006.01.31"]
[Round "8"]
[White "Cannon,Ri"]
[Black "Slimani,A"]
[Result "1-0"]
[WhiteElo "2087"]
[BlackElo "1956"]
[EventDate "2006.01.24"]

1. e4 c5 2. Nf3 e6 3. d4 cxd4 4. Nxd4 Bc5 5. Nb3 Bb6 6. Nc3 Ne7 7. Bf4 f5
8. Qh5+ Ng6 9. exf5 exf5 10. Bc4 Qh4 11. Qxh4 Nxh4 12. O-O Ng6 13. Rfe1+
Ne7 14. Bd6 Nbc6 15. Nd5 Bd8 16. a4 h5 17. Re2 Rh6 18. Nxe7 Bxe7 19. Bxe7
Nxe7 20. Rae1 Re6 21. Bxe6 dxe6 22. Nc5 Kf7 23. Nxe6 Bxe6 24. Rxe6 Nc6 25.
Rd6 Rb8 26. Rd7+ Kg8 27. b4 Nxb4 28. Ree7 Nxc2 29. Rxg7+ Kh8 30. Rh7+ Kg8
31. Rdg7+ Kf8 32. Rxb7 Kg8 33. Rxb8+ Kxh7 34. Rb7+ Kg6 35. Rxa7 1-0

[Event "Gibtelecom Masters"]
[Site "Gibraltar ENG"]
[Date "2006.01.31"]
[Round "8"]
[White "Helin,M"]
[Black "Straub,P"]
[Result "0-1"]
[WhiteElo "1970"]
[BlackElo "2086"]
[EventDate "2006.01.24"]

1. e4 c5 2. c4 Nc6 3. Nc3 g6 4. g3 Bg7 5. Bg2 d6 6. h3 e6 7. d3 Nge7 8. Bf4
a6 9. Qd2 Nd4 10. Rd1 h5 11. h4 Nec6 12. Kf1 Rb8 13. Nge2 b5 14. b3 b4 15.
Na4 Nxe2 16. Kxe2 Nd4+ 17. Kf1 e5 18. Bg5 f6 19. Be3 Bg4 20. Bxd4 Bxd1 21.
Nxc5 dxc5 22. Bxc5 Bg4 23. Bxb4 Qd7 24. Kg1 Rd8 25. f3 Be6 26. Bf1 Qd4+ 27.
Kg2 Bh6 28. Qc2 Kf7 29. Be2 Be3 30. Bc3 Qd7 31. Rd1 Rdg8 32. f4 Bh3+ 33.
Kh1 exf4 34. gxf4 Bxf4 35. Qb2 g5 36. Rg1 gxh4 37. Rxg8 Rxg8 38. Bxh5+ Kg7
39. Qf2 Bg5 40. Qf3 Be6 41. Qg2 Kh6 42. Be2 Qd6 43. e5 fxe5 44. Qf3 Bf4 45.
Qh5+ Kg7 46. Qf3 Rf8 47. Qe4 Rf6 48. Qb7+ Bd7 49. Qg2+ Rg6 50. Qf1 Bc6+ 51.
Bf3 Bxf3+ 52. Qxf3 Qc6 53. Qxc6 Rxc6 54. Bb4 Kg6 55. Kg2 Kh5 56. Kf3 h3 57.
Bc5 h2 58. Kg2 Rxc5 59. b4 Rc8 0-1

[Event "Gibtelecom Masters"]
[Site "Gibraltar ENG"]
[Date "2006.01.31"]
[Round "8"]
[White "Reppen,E"]
[Black "Hickman,J"]
[Result "0-1"]
[WhiteElo "1851"]
[BlackElo "2082"]
[EventDate "2006.01.24"]

1. e4 g6 2. d4 d6 3. Nf3 Bg7 4. Nc3 a6 5. Be3 e6 6. Bd3 Ne7 7. Qd2 h6 8.
O-O-O Nd7 9. h4 b5 10. Nh2 Bb7 11. f4 c5 12. dxc5 Nxc5 13. Be2 Nxe4 14.
Nxe4 Bxe4 15. Qxd6 Qxd6 16. Rxd6 Nf5 0-1

[Event "Gibtelecom Masters"]
[Site "Gibraltar ENG"]
[Date "2006.01.31"]
[Round "8"]
[White "Phillips,G"]
[Black "Kuenitz,K"]
[Result "1-0"]
[WhiteElo "1790"]
[BlackElo "1901"]
[EventDate "2006.01.24"]

1. e4 f5 2. exf5 Nf6 3. d4 d5 4. Bd3 c6 5. Nd2 e6 6. Qf3 Bd6 7. fxe6 O-O 8.
Ne2 Bxe6 9. Bf5 Bxf5 10. Qxf5 Qd7 11. Qxd7 Nbxd7 12. Nf3 Ne4 13. O-O h6 14.
Be3 Rf7 15. Ng3 Raf8 16. Nxe4 dxe4 17. Nd2 Nf6 18. Nc4 Bc7 19. Ne5 Bxe5 20.
dxe5 Ng4 21. Bc5 Re8 22. Bxa7 Nxe5 23. Bd4 Rd7 24. Bc3 Rd5 25. Rad1 Rxd1
26. Rxd1 Kf7 27. Kf1 g5 28. Ke2 Ng4 29. h3 Nf6 30. Bxf6 Kxf6 31. Ke3 Ra8
32. a3 Re8 33. Rd6+ Re6 1-0

[Event "Gibtelecom Masters"]
[Site "Gibraltar ENG"]
[Date "2006.02.01"]
[Round "9"]
[White "Cramling,P"]
[Black "Efimenko,Z"]
[Result "1/2-1/2"]
[WhiteElo "2515"]
[BlackElo "2666"]
[EventDate "2006.01.24"]

1. d4 Nf6 2. Nf3 g6 3. c4 Bg7 4. Nc3 d6 5. e4 O-O 6. Be2 c6 7. O-O Bg4 8.
Be3 Bxf3 9. Bxf3 Nbd7 10. Be2 a6 11. Qc2 Rc8 12. Rad1 b5 13. h3 Qc7 14. f4
Qb7 15. e5 Ne8 16. c5 Nc7 17. Bg4 Rcd8 18. cxd6 exd6 19. Bxd7 Rxd7 20. Ne4
Nd5 21. Bc1 Qb6 22. Nxd6 Rxd6 23. exd6 Bxd4+ 24. Kh1 c5 25. a3 a5 26. Qe2
b4 27. axb4 axb4 28. f5 Qxd6 29. Bh6 Rc8 30. Rd3 Nf6 31. fxg6 hxg6 32. Qf3
Rc6 33. Bg5 Kg7 34. b3 Qe6 35. Bxf6+ Qxf6 36. Qxf6+ Rxf6 37. Rdf3 Rxf3 38.
Rxf3 f5 39. g4 Kf6 40. Kg2 Ke5 41. gxf5 gxf5 42. h4 Bb2 43. h5 Bc1 44. Kf1
Bh6 45. Ke2 Ke4 46. Rd3 f4 47. Rd8 f3+ 48. Ke1 Bc1 49. Rf8 Bg5 50. Rf7 Bc1
51. Rf6 Bb2 52. Rc6 Kd5 53. Rc8 Bc1 54. Kf2 Ke4 55. Ke1 Kd4 56. Rc6 Kd5 57.
Rf6 Ke4 58. h6 Bb2 59. Rf8 Bc3+ 60. Kf1 c4 61. bxc4 b3 62. Rb8 b2 63. h7
Bd4 64. Rb3 f2 65. Ke2 Kf5 66. c5 Ke6 67. Rb4 Bc3 68. Rb6+ Kd5 69. c6 Kd6
70. Rb3 Bd4 71. h8=Q Bxh8 72. Kxf2 Kxc6 1/2-1/2